Space, stars and slimy aliens / (Record no. 3925)

MARC details
000 -LEADER
fixed length control field 01166nam a22002537a 4500
001 - CONTROL NUMBER
control field 3925
003 - CONTROL NUMBER IDENTIFIER
control field FISKH
005 - DATE AND TIME OF LATEST TRANSACTION
control field 20241104151659.0
008 - FIXED-LENGTH DATA ELEMENTS--GENERAL INFORMATION
fixed length control field 240524b cb ||||| |||| 00| 0 eng d
020 ## - INTERNATIONAL STANDARD BOOK NUMBER
International Standard Book Number 9781407106144
040 ## - CATALOGING SOURCE
Original cataloging agency FISKH
Language of cataloging eng
Transcribing agency FISKH
Modifying agency FISKH
050 ## - LIBRARY OF CONGRESS CALL NUMBER
Classification number PZ7
082 ## - DEWEY DECIMAL CLASSIFICATION NUMBER
Classification number 520
100 ## - MAIN ENTRY--PERSONAL NAME
Personal name Arnold, Nick
245 ## - TITLE STATEMENT
Title Space, stars and slimy aliens /
Statement of responsibility, etc. Nick Arnold ; illustrated by Tony de Saulles
260 ## - PUBLICATION, DISTRIBUTION, ETC.
Place of publication, distribution, etc. London :
Name of publisher, distributor, etc. Scholastic,
Date of publication, distribution, etc. 2008.
300 ## - PHYSICAL DESCRIPTION
Extent 159 pages :
Other physical details illustrations ;
Dimensions 20 cm
490 ## - SERIES STATEMENT
Series statement Horrible Science
520 ## - SUMMARY, ETC.
Summary, etc. Space, Stars and Slimy Aliens is a space-hopping book bursting with stunning science. Zoom to the stars with Oddblob the alien, take part in a spacewalk that's out of this world and learn what the moon smells like. Find out all the horrible facts about space like which astronomers killed people and why space makes your guts explode! Zoom around the planets, learn which galaxies eat each other and see if you can spot a little green man while you're there!
650 ## - SUBJECT ADDED ENTRY--TOPICAL TERM
Topical term or geographic name entry element Astronomy
Form subdivision Horrible Science
General subdivision Aliens
700 ## - ADDED ENTRY--PERSONAL NAME
Personal name Saulles, Tony de
Relator term illustrator
942 ## - ADDED ENTRY ELEMENTS (KOHA)
Source of classification or shelving scheme Dewey Decimal Classification
Koha item type Books
Suppress in OPAC No
Holdings
Withdrawn status Lost status Source of classification or shelving scheme Damaged status Not for loan Collection Home library Current library Shelving location Date acquired Total Checkouts Full call number Barcode Date last seen Copy number Price effective from Koha item type Date last checked out
    Dewey Decimal Classification     Non-Fiction Footprints International School Library Network Toul Kork Campus Footprints International School Library Network Toul Kork Campus A TK Campus, 4th Floor, Room B401, Non-Fiction Bookcases(7-8) 05/24/2024   ARN 520 PZ7 FISTKG4A015 05/24/2024 1 05/24/2024 Books  
    Dewey Decimal Classification     Non-Fiction Footprints International School Library Network Toul Tom Poung Campus Footprints International School Library Network Toul Tom Poung Campus TTP Primary Yellow Bookshelves 05/24/2024 1 ARN 520 PZ7 FISSE00018 02/27/2026 2 05/24/2024 Books 02/02/2026
    Dewey Decimal Classification     Non-Fiction Footprints International School Library Network Toul Tom Poung Campus Footprints International School Library Network Toul Tom Poung Campus TTP Primary Yellow Bookshelves 07/14/2025   ARN 520 PZ7 FIS01138 07/14/2025 3 07/14/2025 Books